[Event "20th Prague Open 2022"]
[Site "Prague"]
[Date "2022.01.13"]
[Round "8.1"]
[White "Urkedal, Frode Olav Olsen"]
[Black "Mirzoev, Azer"]
[Result "1-0"]
[WhiteElo "2553"]
[BlackElo "2420"]
[Annotator "TA"]
[PlyCount "57"]
[EventDate "2022.01.07"]
[EventType "swiss"]
[EventCountry "CZE"]
[SourceTitle "playchess.com"]
[Source "ChessBase"]
[SourceQuality "1"]

{[%evp 14,57,31,20,43,25,29,31,35,33,33,42,58,42,62,33,85,93,93,100,83,106,94,91,100,97,92,85,196,189,618,619,889,879,868,889,1132,1132,6291,6275,29994,1355,29993,29994,29998,29999]} 1. e4 e6 2. d4 d5 3. Nc3 dxe4 4. Nxe4 Nd7 5. Nf3 Ngf6 6. Nxf6+ Nxf6 7. c3 Be7 8. Bd3 O-O {C10: French with 3 Nc3: Unusual Black 3rd moves and 3...dxe4.} 9. Bg5 {9.Qe2 is the modern continuation.} h6 {[#]} 10. h4 {[%cal Od1e2]} c5 {[#] White is slightly better.} (10... hxg5 11. hxg5 Nh5 12. Rxh5 $18) (10... Qd5 11. c4) 11. dxc5 $1 {[#]} Qd5 $146 {[#]} ({Don't play} 11... hxg5 12. hxg5 g6 13. gxf6 Bxf6 14. Be4 $16) (11... Bxc5 12. Qc2) ({Predecessor:} 11... Bxc5 12. Qe2 e5 13. O-O-O Qb6 14. Nd2 Ng4 15. Ne4 Bxf2 16. Bd2 Be3 17. Bxe3 Qxe3+ 18. Qxe3 Nxe3 {1-0 (41) Arutyunova,D (2362)-Paulet,I (2167) Batumi 2006}) 12. Qe2 $1 {[%cal Oe1c1]} Rd8 {[#]} (12... hxg5 $2 13. hxg5 Rd8 14. gxf6 Bxf6 15. O-O-O Qxc5 16. Bh7+ Kf8 17. Rxd8+ Bxd8 18. Bd3 $18) ({Not} 12... Bxc5 {[#]} 13. O-O-O $1 $16) (12... Bd7 13. b4) 13. O-O-O $1 {[%cal Od3h7] Black must now prevent Bh7+!} Qxa2 (13... hxg5 $2 14. hxg5 Qxc5 15. gxf6 Bxf6 16. Bh7+ Kf8 17. Rxd8+ Bxd8 18. Bc2 $18) (13... Qxc5 14. Ne5) 14. Bb1 {Active counter play!} Rxd1+ (14... Qa5 $1 $14) 15. Rxd1 $16 Qa4 16. Bxf6 Bxf6 17. Qd3 {Inhibits Bd7. White wants to mate with Qh7+.} Kf8 18. Rd2 g6 19. h5 $1 $36 {[%mdl 2048] White is in control.} gxh5 20. g3 {Threatens to win with Qe3.} Qg4 (20... e5 $16 {is a better defense.}) 21. Qe3 {[%mdl 1024] White has strong compensation.} Kg7 $2 (21... a5 22. Qxh6+ Qg7 23. Qxh5 a4) 22. Ne5 $18 Qh3 23. f4 Kf8 24. Qd3 Qh1+ 25. Rd1 Qg2 26. Qh7 {[%csl Ge5][%cal Rh7f7]} Bg7 27. Rd8+ Ke7 {[#]} 28. Qxg7 $1 Kxd8 (28... Qg1+ 29. Kc2) 29. Qf8+ {Weighted Error Value: White=0.03 (flawless) /Black=0.72} 1-0

[Event "20th Prague Open 2022"]
[Site "Prague"]
[Date "2022.01.13"]
[Round "8.2"]
[White "Pijpers, Arthur"]
[Black "Kozak, Antoni"]
[Result "0-1"]
[WhiteElo "2485"]
[BlackElo "2356"]
[Annotator "TA"]
[PlyCount "104"]
[EventDate "2022.01.07"]
[EventType "swiss"]
[EventCountry "CZE"]
[SourceTitle "playchess.com"]
[Source "ChessBase"]
[SourceQuality "1"]

{[%evp 13,104,14,20,21,43,37,36,33,45,32,60,56,152,146,191,180,186,99,104,64,75,14,68,80,85,49,48,54,71,73,73,73,94,91,231,214,211,218,219,203,217,176,267,59,55,70,70,60,64,0,0,0,0,0,0,-422,-400,-504,-502,-471,-402,-392,-386,-466,-370,-509,-472,-569,-558,-547,-521,-695,-525,-826,-808,-731,-731,-1247,-1239,-5004,-4810,-4170,-2372,-6949,-6485,-6270,-2769,-29983,-29984,-29984,-29985,-29983,-29980]} 1. e4 c6 2. d4 d5 3. e5 Bf5 4. Nf3 e6 5. Be2 Ne7 6. c3 Nd7 7. O-O h6 8. a4 {B12: Caro-Kann: Advance Variation.} a5 9. Na3 Qb6 10. Nc2 {White is slightly better.} Bh7 {[#]} 11. b4 $146 ({Predecessor:} 11. Nfe1 Rc8 12. Bd3 Bxd3 13. Nxd3 c5 14. dxc5 Nxc5 15. Nxc5 Qxc5 16. Nd4 Nc6 17. Nb5 Nxe5 {1-0 (55) Glatthaar,M (2297)-Sukhodolsky,A (2482) ICCF email 2013}) 11... axb4 12. cxb4 Bxc2 (12... Qc7 $14) 13. Qxc2 $16 Nf5 (13... g5 $16 {keeps fighting.}) 14. a5 $18 Qd8 15. b5 (15. Bd2 $18) 15... c5 $16 16. dxc5 Bxc5 17. Bd2 (17. Qd2 $16) 17... O-O ({Black should play} 17... Nd4 $1 $11 18. Nxd4 Bxd4) 18. Ra4 $14 Be7 19. Bd3 (19. Rc1 {is more complex.} h5 20. h3 Nc5 21. Raa1 Ne4 22. Bd3) 19... Nc5 20. Ra2 Nxd3 21. Qxd3 Qd7 22. Rc1 Rfc8 23. Rxc8+ Rxc8 {[#]} (23... Qxc8 $16 24. g4 Nh4 25. Nxh4 Bxh4) 24. g4 $1 $18 Nh4 25. Nxh4 Bxh4 26. a6 bxa6 27. bxa6 Bg5 {[#]} (27... Bd8 $142) 28. f4 $2 ({Only move:} 28. Bc3 $1 $18) 28... Be7 $14 29. Be3 $1 {a7 is the strong threat.} Qc6 $1 30. Qd4 $1 {aiming for a7.} Qb5 $1 31. Qb2 {To avoid Qb1+} ({Better is} 31. Kg2 $14 Qc6 32. a7) 31... Qd3 $11 32. Qd2 Qb1+ 33. Kg2 Qe4+ 34. Kg3 $2 {[%mdl 8192]} (34. Kf2 $1 $11) 34... Bb4 $19 35. Qd4 {Black must now prevent Qxe4.} Be1+ 36. Rf2 Qxd4 37. Bxd4 {[%mdl 4096] Endgame KRB-KRB} Kf8 38. a7 Ke8 39. h4 Kd7 40. h5 Bxf2+ 41. Kxf2 {KR-KB} Kc6 42. Ke3 Kb7 {Strongly threatening ...g6.} 43. Kd2 Rc4 44. Ke3 g6 45. hxg6 fxg6 46. Bb6 h5 47. gxh5 gxh5 {Hoping for ...h4.} 48. Kf3 h4 {Threatens to win with ...h3.} 49. Kg4 h3 (49... d4 $142 50. Kxh4 d3) 50. Bg1 Rc1 {Black mates.} 51. Bh2 d4 {[%cal Bd5d4,Bd4d3][%mdl 32]} 52. f5 d3 {Both players deserved the win here.  Weighted Error Value: White=0.93/Black=0.33} 0-1

[Event "20th Prague Open 2022"]
[Site "Prague"]
[Date "2022.01.13"]
[Round "8.3"]
[White "Sorm, Daniel"]
[Black "Haring, Filip"]
[Result "0-1"]
[WhiteElo "2348"]
[BlackElo "2398"]
[Annotator "TA"]
[PlyCount "80"]
[EventDate "2022.01.07"]
[EventType "swiss"]
[EventCountry "CZE"]
[SourceTitle "playchess.com"]
[Source "ChessBase"]
[SourceQuality "1"]

{[%evp 14,80,40,16,17,8,12,-25,-17,-22,-23,-19,-20,-22,0,-39,-27,-36,-34,-95,-95,-104,-105,-229,-171,-161,-110,-110,-110,-111,-104,-110,-111,-122,-123,-117,-111,-108,0,-7,0,0,0,-8,0,0,0,0,0,0,0,0,0,0,0,0,0,0,0,0,0,0,0,0,0,0,0,-29975,-29963]} 1. d4 Nf6 2. Nf3 e6 3. e3 b6 4. Bd3 Bb7 5. O-O c5 6. c4 g6 7. Nc3 Bg7 8. d5 (8. e4 {is interesting.} cxd4 9. Nxd4 O-O 10. Bg5 h6 11. Bh4) 8... exd5 {E14: Queen's Indian: Classical Variation (4 e3).} 9. cxd5 Nxd5 10. Nxd5 Bxd5 {Black has an edge.} 11. Bxg6 $1 hxg6 12. Qxd5 Nc6 {[%cal Bb8c6,Bc6e5,Be5f3][%mdl 32]} 13. e4 Qf6 14. Bg5 Qe6 15. Qd2 Ne5 16. Rad1 (16. Nxe5 $1 $15 Qxe5 17. h4) 16... Nxf3+ $17 17. gxf3 Bd4 {[#]} (17... Qh3 18. Qd6 Qe6 19. Qg3 $15) 18. Qe2 $146 (18. b3 $17) ({Predecessor:} 18. b3 Rh3 19. Qe2 Qe5 20. f4 Qh8 21. e5 Kf8 22. Qe4 Re8 23. Rxd4 cxd4 24. Rd1 {0-1 (38) Hoi,C (2430)-Psakhis,L (2605) Gausdal 1994}) 18... Rh5 (18... Qxa2 19. Be3 $17) 19. Be3 Ke7 ({Stronger than} 19... Qe5 20. f4 Qxe4 21. Rfe1 Bxe3 22. Qxe3 Qxe3 23. Rxe3+ Kd8 24. Red3 $15) (19... Qf6 $19 {( -> ...Qh4)} 20. Rfe1 Be5) 20. Bxd4 cxd4 21. f4 (21. h4 Rxh4) 21... Rah8 {Black is more active.} ({Of course not} 21... Qh3 $6 22. f3 $15) 22. f3 Rxh2 23. Qxh2 Rxh2 24. Kxh2 Qxa2 {[%mdl 4096] Endgame KQ-KRR} 25. Rd2 {[#]} a5 ({Better is} 25... d5 $1 $17 {White must now prevent ...dxe4.} 26. Re1 Qa5) 26. Rfd1 $11 Qb3 27. Kg3 Kf8 28. e5 b5 29. Rxd4 Qxb2 {[%cal Og6g5]} 30. Rxd7 {[%cal Oe5e6] Threatens to win with e6!} g5 31. R1d4 gxf4+ 32. Rxf4 Qxe5 33. Rdxf7+ Ke8 34. Rb7 a4 {And now ...a3 would win.} 35. Kg4 Qe6+ 36. Kg3 {Intending Re4 and mate.} Qe5 37. Kg4 {White threatens Re4 and mate.} Qe6+ 38. Kg3 {White wants to mate with Re4.} Qe1+ 39. Kg4 {Threatening mate with Re4+.} Qg1+ 40. Kf5 $2 {[%mdl 8192] [#]} (40. Kh3 $11) 40... Qc5+ {Weighted Error Value: White=0.36/Black=0.13 (very precise)} 0-1

[Event "20th Prague Open 2022"]
[Site "Prague"]
[Date "2022.01.13"]
[Round "8.4"]
[White "Jurcik, Marian"]
[Black "Hrabusa, Matej"]
[Result "1-0"]
[WhiteElo "2397"]
[BlackElo "2369"]
[Annotator "TA"]
[PlyCount "102"]
[EventDate "2022.01.07"]
[EventType "swiss"]
[EventCountry "CZE"]
[SourceTitle "playchess.com"]
[Source "ChessBase"]
[SourceQuality "1"]

{[%evp 9,102,23,21,15,13,18,29,16,27,13,13,-14,-18,-21,-6,0,-11,-2,-11,-11,-1,-6,0,-10,0,-14,37,24,82,83,85,88,81,88,77,82,66,69,81,90,93,94,89,86,91,62,77,72,103,94,97,79,110,95,110,84,91,91,91,66,101,68,77,75,85,98,80,95,79,62,100,120,201,168,206,177,341,266,919,919,895,1346,1337,1258,992,915,1332,908,29969,29970,29970,29973,29972,29973,29973]} 1. e4 c5 2. Nc3 d6 3. Bb5+ Bd7 4. Bxd7+ Qxd7 5. d4 cxd4 6. Qxd4 {B23: Closed Sicilian: Lines without g3.} Nc6 7. Qd3 Rc8 8. Nf3 {White has an edge.} g6 9. Nd5 Bg7 {[#]} 10. c3 $146 ({Predecessor:} 10. O-O Nf6 11. Bg5 Nh5 12. c3 h6 13. Be3 O-O 14. Rad1 Rfd8 15. Qe2 e6 16. Nf4 Nxf4 17. Bxf4 {½-½ (35) Carnevale,R (2179)-Mostowik,D (2136) ICCF email 2012}) 10... e6 11. Nf4 Nge7 12. Be3 O-O 13. Rd1 Rfd8 14. O-O Qc7 15. Qb5 Rd7 16. Rd3 Rcd8 17. Rfd1 a6 (17... b6 $11) 18. Qb3 $14 Nc8 {To avoid Bb6} (18... Qc8 $1 $11) 19. Ng5 {[%cal Og5e6]} Ne5 {[#]} 20. Nfxe6 $1 {White is much more active.} fxe6 21. Nxe6 Qc4 22. Qxc4 Nxc4 23. Nxd8 Rxd8 24. Bc1 Re8 25. f3 b5 26. Kf1 Kf7 27. Re1 Ke6 28. f4 Rf8 29. Ke2 N4b6 30. Red1 Kd7 31. b3 Kc6 32. Be3 Re8 33. Kf3 Nd7 {[%cal Og6g5]} 34. Bd4 Bh8 35. Bxh8 Rxh8 36. e5 (36. Rd5 {feels hotter.} Rf8 37. g3 Ne5+ 38. Kg2 Nd7 39. R5d4) 36... Rf8 {White must now prevent ...Nxe5+.} 37. Rxd6+ Nxd6 38. Rxd6+ $16 {[%mdl 4096] Endgame KRN-KR} Kc7 {aiming for ...Nxe5+.} 39. Ke4 {[%mdl 1024] White has strong compensation.} (39. Rxa6 Nxe5+ 40. Ke3 Ng4+ 41. Ke4 Nf6+ 42. Kd4 Rd8+ 43. Kc5 Ne4+ 44. Kxb5 Nxc3+ 45. Kc5 Ne4+ 46. Kc4 Rd2 $15) 39... Nc5+ {[#]} 40. Kd5 $1 Nd7 (40... Nd3 $16 {was called for.}) 41. g3 g5 42. Ke6 ({Don't play} 42. fxg5 $6 Rf2 $16) 42... Nb8 (42... Nb6) 43. Ke7 ({Not} 43. fxg5 Rf3 $16) 43... Rh8 (43... Rc8 44. Rh6 (44. fxg5 Nc6+ 45. Kf6 Rg8 $16) 44... gxf4) 44. f5 $18 {f6 is the strong threat.} Nc6+ {[#]} 45. Rxc6+ $1 {[%mdl 512]} Kxc6 {KR-KP} 46. f6 {Hoping for e6.} Kd5 47. e6 Ke5 48. f7 Ra8 49. f8=Q {White mates.} Rxf8 50. Kxf8 Kxe6 51. Kg7 Kd5 {Weighted Error Value: White=0.11 (very precise) /Black=0.38} 1-0

[Event "20th Prague Open 2022"]
[Site "Prague"]
[Date "2022.01.13"]
[Round "8.5"]
[White "Mikes, Jan"]
[Black "Czerw, Dawid"]
[Result "1/2-1/2"]
[WhiteElo "2329"]
[BlackElo "2396"]
[Annotator "TA"]
[PlyCount "83"]
[EventDate "2022.01.07"]
[EventType "swiss"]
[EventCountry "CZE"]
[SourceTitle "playchess.com"]
[Source "ChessBase"]
[SourceQuality "1"]

{[%evp 10,83,16,0,27,29,18,-84,-84,-95,-83,-83,-87,-92,-85,-90,-77,-92,-25,-22,-21,-36,0,0,0,0,18,-7,20,-34,43,-42,0,-65,-61,-63,-62,-69,-57,-58,-21,-46,-31,-26,0,0,0,0,-8,-15,22,6,87,102,65,100,98,87,77,64,50,-102,-194,-196,-178,-163,0,-6,-35,0,-26,-340,-118,-193,-167,-211]} 1. c4 Nf6 2. Nc3 c6 3. Nf3 d5 4. e3 e6 5. b3 Nbd7 6. Bb2 Be7 {A11: English Opening: 1...c6.} 7. Qc2 O-O 8. g4 (8. d4 $11) 8... Nxg4 $17 {Black is better.} 9. Rg1 Nge5 10. Nxe5 Nxe5 {[#]} 11. O-O-O $146 {[%cal Oc3d5]} ({Predecessor:} 11. Be2 f6 12. f4 Ng6 13. O-O-O b6 14. Bg4 Re8 15. cxd5 cxd5 16. Kb1 b5 {1-0 (16) Rodriguez Gonzalez,A (1959)-Uribe Etxeberria Arregui,I (1655) Getxo 2019}) 11... Ng6 12. d4 f5 13. Bd3 b5 (13... dxc4 $17 14. Bxc4 Bd6) 14. cxb5 $11 cxb5 15. Bxb5 (15. Nxb5 {seems wilder.} Bd7 16. Kb1 Rb8 17. Nc3 Qa5 18. Rc1) 15... Bd7 16. Bxd7 Qxd7 17. Kb1 Rac8 18. Qd3 Bd6 19. Na4 (19. f4 $11) 19... Qe7 (19... Bxh2 $15 20. Rh1 (20. Nc5 Qe7 $11) 20... Bd6) 20. Nc5 (20. f4 $1 $14) 20... e5 (20... Bxc5 21. dxc5 f4 22. Qa6 $14) (20... Bxh2 $15 {should be considered.} 21. Rh1 Bd6) 21. b4 (21. Na4 $11 e4 22. Qb5) 21... e4 $15 22. Qb3 Qf7 23. b5 Bxh2 (23... Bxc5 24. dxc5 Rxc5 25. Ba3 $16) 24. Rh1 Bb8 25. Rdg1 Rcd8 26. a4 {[%cal Ba2a4,Ba4a5,Ba5a6][%mdl 32]} Rfe8 27. Na6 Bd6 28. Rc1 f4 29. a5 Bb8 30. Ba3 Nf8 (30... h6 $11 {remains equal.}) 31. Nxb8 $16 Rxb8 32. Bd6 {[%csl LRb8,LRf4]} Rb7 33. a6 (33. exf4 $6 Ne6 34. Be5 (34. Qxd5 Nxd4 35. Qxf7+ Kxf7 $15) 34... Qd7 $11) (33. Bxf4 $6 Ne6 $11) 33... Rb6 34. Rc7 {White is much more active.} Nd7 $1 35. Qb4 (35. Bc5 $14 {keeps the upper hand.} fxe3 36. Bxb6 (36. Rxa7 $2 exf2 37. Ka2 Rh6 $19) 36... exf2 37. Bxa7 (37. Qh3 Qg6 $17) 37... f1=Q+ 38. Rxf1 Qxf1+ 39. Rc1) 35... fxe3 $17 36. fxe3 Reb8 37. Rhc1 {[#] Rc8+ is the strong threat.} ({Avoid the trap} 37. Rxa7 $2 Rxb5 38. Rb7 R8xb7 39. axb7 Rxb4+ $19) 37... h6 $2 ({Black should try} 37... Qe8 $1 $19 38. Ka2 (38. Rxa7 $2 Rxb5 39. Rb7 Rxb4+ $19) 38... Rxb5) 38. Rc8+ $11 Rxc8 39. Rxc8+ Kh7 40. Bf4 $2 {[%mdl 8192]} (40. Rc1 $11) 40... Qg6 $2 (40... Qh5 $19 {has better winning chances. Hoping for ...Qe2.} 41. Rc2 Qd1+ 42. Kb2 Qf1) 41. Rc7 (41. Qb3 $17 {might work better.}) 41... Qg1+ $19 42. Ka2 {Weighted Error Value: White=0.38/Black=0.33} (42. Rc1 $142 Qg2 43. Bc7) 1/2-1/2

[Event "20th Prague Open 2022"]
[Site "Prague"]
[Date "2022.01.13"]
[Round "8.6"]
[White "Mannion, Stephen R"]
[Black "Plischki, Sebastian"]
[Result "1/2-1/2"]
[WhiteElo "2267"]
[BlackElo "2375"]
[Annotator "TA"]
[PlyCount "85"]
[EventDate "2022.01.07"]
[EventType "swiss"]
[EventCountry "CZE"]
[SourceTitle "playchess.com"]
[Source "ChessBase"]
[SourceQuality "1"]

{[%evp 11,85,26,29,25,45,1,1,12,7,-16,0,-14,-5,-33,-37,-33,-29,-34,-50,-67,-63,-125,-117,-132,-131,-139,-137,-131,-135,-129,-129,-124,-129,-132,-125,-141,-142,-153,-122,-166,-135,-145,-159,-153,-138,-158,-159,-161,-164,-166,-139,-197,-191,-185,-205,-187,-175,-238,-206,-193,-191,-196,-189,-187,-194,-190,-190,-204,-204,-204,-187,-213,-8,-8,-8,-8]} 1. e4 c5 2. Nf3 e6 3. d4 cxd4 4. Nxd4 a6 5. c4 Nf6 6. Nc3 Bb4 7. Qd3 {B41: Sicilian: Kan Variation: 5 c4.} O-O 8. Be2 (8. e5 $14 {is more appropriate.} Ng4 9. Qg3) 8... d6 $11 9. O-O Nbd7 10. f3 Ne5 11. Qd1 Qc7 {[#]} 12. Be3 $146 ({Predecessor:} 12. Na4 Bd7 13. Be3 Qa5 14. b3 Bxa4 15. bxa4 d5 16. cxd5 exd5 17. Nb3 Qxa4 18. Bd4 {0-1 (71) Quparadze,G (2506)-Svidler,P (2765) Riadh 2017}) 12... Bxc3 13. bxc3 Nxc4 14. Bxc4 Qxc4 15. Qb3 Qc7 16. Rfd1 (16. Qa3 $15) 16... e5 17. Ne2 Be6 18. Qb6 Qxb6 19. Bxb6 d5 20. Bc7 dxe4 21. Bxe5 exf3 22. gxf3 Nd5 23. Kf2 Rac8 24. Rdb1 b6 25. Rg1 (25. Nf4 $17) 25... g6 {[%cal Bg7g6,Bg6g5][%mdl 32]} 26. h4 f6 27. Bd4 Kf7 28. h5 g5 ({Inferior is} 28... gxh5 29. Rh1 $11) 29. a4 Rc4 30. Rgb1 Rb8 31. Rb3 (31. Rb2 $17 {was worth a try.}) 31... Bd7 $19 32. a5 {[%cal Ra5b6]} b5 33. Ng3 f5 {[%cal Bf6f5,Bf5f4][%mdl 32] Inhibits Ne4.} 34. Nf1 (34. Rd1 {is a better defense.}) 34... Rbc8 {[%cal Rd5c3]} 35. Ne3 Nxe3 36. Kxe3 Re8+ 37. Kf2 f4 38. Rbb1 h6 39. Rb4 Be6 40. Re1 Rxb4 41. cxb4 Bc4 $2 {[#]} (41... Rd8 $19 42. Re4 Rd6) 42. Rxe8 $11 Kxe8 43. Bg7 {Weighted Error Value: White=0.14 (very precise) /Black=0.16 (very precise)} 1/2-1/2

[Event "20th Prague Open 2022"]
[Site "Prague"]
[Date "2022.01.13"]
[Round "8.7"]
[White "Van Osch, Mees"]
[Black "Carlsson, Ludvig"]
[Result "1/2-1/2"]
[WhiteElo "2364"]
[BlackElo "2355"]
[Annotator "ChessBase"]
[PlyCount "31"]
[EventDate "2022.01.07"]
[EventType "swiss"]
[EventCountry "CZE"]
[SourceTitle "playchess.com"]
[Source "ChessBase"]
[SourceQuality "1"]
[TimeControl "40/5400+30:1800+30"]

1. e4 {[%emt 0:00:03]} e5 {[%emt 0:00:11]} 2. Nf3 {[%emt 0:00:05]} Nc6 {[%emt 0:00:08]} 3. Nc3 {[%emt 0:00:57]} Nf6 {[%emt 0:00:10]} 4. h3 {[%emt 0:00:32]} d5 {[%emt 0:00:44]} 5. exd5 {[%emt 0:00:15]} Nxd5 {[%emt 0:00:07]} 6. Bb5 {[%emt 0:00:07]} Nxc3 {[%emt 0:00:08]} 7. bxc3 {[%emt 0:00:06]} Bd6 {[%emt 0:00:11]} 8. O-O {[%emt 0:00:15]} O-O {[%emt 0:00:11]} 9. Re1 {[%emt 0:00:12]} Qf6 {[%emt 0:06:49]} 10. d4 {[%emt 0:00:11]} exd4 {[%emt 0:00:10]} 11. cxd4 {[%emt 0:00:04]} a6 {[%emt 0:10:04]} 12. Bd3 {[%emt 0:05:59]} Bf5 {[%emt 0:00:43]} 13. Rb1 {[%emt 0:11:13]} Bxd3 {[%emt 0:20:11]} 14. Qxd3 {[%emt 0:00:52]} b6 {[%emt 0:00:34]} 15. Bd2 {[%emt 0:10:38]} Qg6 {[%emt 0:04:26]} 16. Qxg6 {[%emt 0:02:15]} 1/2-1/2

[Event "20th Prague Open 2022"]
[Site "Prague"]
[Date "2022.01.13"]
[Round "8.8"]
[White "Lim, Zhuo Ren"]
[Black "Vojta, Jakub"]
[Result "0-1"]
[WhiteElo "2311"]
[BlackElo "2289"]
[Annotator "ChessBase"]
[PlyCount "86"]
[EventDate "2022.01.07"]
[EventType "swiss"]
[EventCountry "CZE"]
[SourceTitle "playchess.com"]
[Source "ChessBase"]
[SourceQuality "1"]
[TimeControl "40/5400+30:1800+30"]

1. d4 {[%emt 0:02:45]} Nf6 {[%emt 0:00:04]} 2. Nf3 {[%emt 0:00:13]} d5 {[%emt 0:00:05]} 3. c4 {[%emt 0:00:10]} dxc4 {[%emt 0:00:05]} 4. g3 {[%emt 0:00:08]} g6 {[%emt 0:03:51]} 5. Bg2 {[%emt 0:00:22]} Bg7 {[%emt 0:00:02]} 6. O-O {[%emt 0:00:35]} O-O {[%emt 0:00:03]} 7. Na3 {[%emt 0:00:22]} Nc6 {[%emt 0:00:06]} 8. Nxc4 {[%emt 0:00:38]} Be6 {[%emt 0:00:02]} 9. b3 {[%emt 0:01:48]} Bd5 {[%emt 0:00:03]} 10. Bb2 {[%emt 0:00:28]} a5 {[%emt 0:00:03]} 11. e3 {[%emt 0:06:28]} a4 {[%emt 0:03:09]} 12. Qe2 {[%emt 0:04:25]} Ra6 {[%emt 0:14:13]} 13. Rfd1 {[%emt 0:11:22]} Qa8 {[%emt 0:02:34]} 14. Ncd2 {[%emt 0:03:36]} Ne4 {[%emt 0:04:47]} 15. Ng5 {[%emt 0:26:18]} a3 {[%emt 0:10:12]} 16. Ndxe4 {[%emt 0:00:16]} axb2 {[%emt 0:00:02]} 17. Qxb2 {[%emt 0:00:05]} Nd8 {[%emt 0:04:48]} 18. Nc3 {[%emt 0:03:23]} Bxg2 {[%emt 0:00:55]} 19. Kxg2 {[%emt 0:00:02]} b5+ {[%emt 0:00:49]} 20. f3 {[%emt 0:02:41]} b4 {[%emt 0:03:37]} 21. Na4 {[%emt 0:00:25]} Qd5 {[%emt 0:13:39]} 22. Ne4 {[%emt 0:01:28]} f5 {[%emt 0:01:10]} 23. Nec5 {[%emt 0:02:09]} Ra5 {[%emt 0:08:01]} 24. Qe2 {[%emt 0:01:36]} Nf7 {[%emt 0:05:10]} 25. Rac1 {[%emt 0:02:11]} Nd6 {[%emt 0:03:00]} 26. Nd7 {[%emt 0:01:38]} Rd8 {[%emt 0:01:45]} 27. Rc5 {[%emt 0:01:13]} Rxc5 {[%emt 0:02:07]} 28. dxc5 {[%emt 0:02:17]} Qc6 {[%emt 0:00:22]} 29. cxd6 {[%emt 0:00:19]} Rxd7 {[%emt 0:00:06]} 30. dxe7 {[%emt 0:01:30]} Rxe7 {[%emt 0:00:08]} 31. Rd8+ {[%emt 0:01:22]} Kf7 {[%emt 0:00:22]} 32. Kf2 {[%emt 0:01:43]} Bf6 {[%emt 0:02:04]} 33. Qd3 {[%emt 0:03:39]} Kg7 {[%emt 0:00:36]} 34. Qd5 {[%emt 0:01:30]} Qc1 {[%emt 0:01:50]} 35. Qg8+ {[%emt 0:11:15]} Kh6 {[%emt 0:00:02]} 36. Qf8+ {[%emt 0:00:03]} Kh5 {[%emt 0:06:30]} 37. g4+ {[%emt 0:02:36]} fxg4 {[%emt 0:00:44]} 38. fxg4+ {[%emt 0:00:59]} Kxg4 {[%emt 0:00:56]} 39. h3+ {[%emt 0:01:14]} Kxh3 {[%emt 0:00:57]} 40. Qh6+ {[%emt 0:01:28]} Bh4+ {[%emt 0:00:06]} 41. Ke2 {[%emt 0:30:20]} Qe1+ {[%emt 0:31:51]} 42. Kd3 {[%emt 0:00:45]} Qd1+ {[%emt 0:01:30]} 43. Kc4 {[%emt 0:00:03]} Qxd8 {[%emt 0:00:24]} 0-1

[Event "20th Prague Open 2022"]
[Site "Prague"]
[Date "2022.01.13"]
[Round "8.9"]
[White "Soucek, Petr"]
[Black "Torngren, Gustav"]
[Result "0-1"]
[WhiteElo "2117"]
[BlackElo "2228"]
[Annotator "TA"]
[PlyCount "162"]
[EventDate "2022.01.07"]
[EventType "swiss"]
[EventCountry "CZE"]
[SourceTitle "playchess.com"]
[Source "ChessBase"]
[SourceQuality "1"]

{[%evp 10,162,25,27,33,16,25,12,3,10,30,30,33,0,29,14,28,37,34,45,40,26,43,0,0,0,0,0,0,-4,0,0,0,0,0,0,11,0,0,0,9,-7,14,0,0,-1,2,0,4,1,8,1,5,7,4,0,0,-27,0,0,0,-9,0,-12,0,-21,-14,-23,-16,-24,-23,-28,0,-8,0,0,0,0,0,-11,0,0,0,-7,0,0,0,0,0,0,0,0,0,0,0,0,0,-8,0,0,0,0,0,0,0,-12,0,0,0,0,0,0,0,0,0,0,0,0,0,0,0,0,0,0,0,-9,0,0,0,-12,0,0,0,0,0,0,0,-6,-7,-7,-7,-7,-8,-9,0,0,0,-18,0,-35,-35,-430,-391,-29981,-29981]} 1. e4 e5 2. Nf3 Nc6 3. Bb5 a6 4. Ba4 Nf6 5. d3 Bd6 6. c3 O-O {C77: Ruy Lopez: 3...a6 4 Ba4 Nf6, unusual lines.} 7. O-O Re8 8. Nbd2 Bf8 {The position is equal.} 9. Re1 b5 10. Bc2 d5 11. Nf1 Bb7 12. Qe2 dxe4 13. dxe4 Na5 {[#]} 14. Bg5 $146 ({Predecessor:} 14. Ng3 g6 15. h4 c5 16. h5 Qc7 17. b3 Rad8 18. Bg5 Bg7 19. hxg6 hxg6 {1-0 (37) Zapata,A-Chavez Yanchapaxi,E (1994) Cuenca 2006}) 14... h6 {[#]} 15. Rad1 $1 Qe7 16. Bc1 (16. Bh4 $14) 16... Qe6 $11 17. Bb1 Nc4 18. N3d2 {[%cal Bf3d2,Bd2f1,Bf1g3,Bg3f5][%mdl 32]} Nd6 19. Ng3 Nd7 20. Nf5 Nc5 21. Nxd6 Bxd6 22. Nf1 Be7 23. Ng3 Rad8 24. Nf5 Bf8 25. f3 Kh7 26. Rxd8 Rxd8 27. Rd1 Qe8 28. Bc2 Ne6 29. g3 c6 30. Kg2 g6 {Threatens to win with ...Rxd1.} 31. Ne3 h5 {To avoid Ng4} 32. Bb3 Bc8 33. Nf1 Bc5 34. Be3 Rxd1 35. Qxd1 {Strongly threatening Bxe6.} Qe7 36. Qd3 Kg7 37. h4 Bxe3 38. Qxe3 Nc5 39. Qd2 a5 40. Kf2 (40. Bd1 {looks sharper.} Be6 41. a3 a4 42. Kf2 Bc4 43. Be2) 40... Nxb3 41. axb3 Be6 42. b4 a4 43. Kg2 Kf8 44. Kf2 Bb3 45. Ne3 Ke8 46. Nf1 Bc4 47. Ne3 Be6 48. Nc2 Bb3 49. Ne3 Qe6 50. Kg2 Ke7 51. Nf1 Bc4 52. Ne3 Ba2 53. Nc2 Ke8 54. Ne1 Bc4 55. Nc2 Qe7 56. Ne3 Be6 57. Nf1 Kf8 58. Qh6+ Kg8 59. Qd2 Kh7 60. Kf2 Kg7 61. Kg2 Kh7 62. Kf2 f6 63. Qd1 Kg7 64. Qd2 Bf7 65. Kg2 Qe6 66. Ne3 Qa2 67. Qc2 Bb3 68. Qf2 $1 Bf7 69. Qc2 Kh7 70. Qf2 Qb1 71. Qd2 Kg7 72. Nd1 Be6 73. Ne3 Kf7 74. Nd1 Ke7 75. Ne3 Qa2 {aiming for ...a3.} 76. Qc2 Bb3 77. Qf2 $1 Be6 78. Qc2 g5 79. Qf2 Qb1 {...g4 is the strong threat.} 80. Qc2 $2 {[%mdl 8192] [#]} (80. hxg5 $15 fxg5 81. Qe2) 80... Qe1 $1 $19 {[%csl LRe3,LRh4]} 81. Qf2 $2 {[#]} (81. Qd3 $19 Bh3+ 82. Kh2 gxh4 83. gxh4 Qxh4 84. Qe2) 81... Bh3+ $1 {[%mdl 512] Weighted Error Value: White=0.05 (flawless) /Black=0.04 (flawless)} 0-1